| 000 | 00582nam a2200169 i 4500 | ||
|---|---|---|---|
| 001 | 61145 | ||
| 003 | ES-MaACL | ||
| 005 | 20230906164400.0 | ||
| 007 | t| | ||
| 008 | 031110s1953 sp ||||1| spa d | ||
| 100 | 1 |
_aTabyi, Al. _9109045 |
|
| 245 | 1 | 0 |
_aMiscelanea marroquí / _cpor Al-Tabyi. |
| 260 |
_a[Ceuta : _bInstituto General Franco de Estudios e Investigación Hispano-Arabe, _c1953] ( _fImp. Imperio) |
||
| 300 |
_a490 p., 3 lám. ; _c22 cm. |
||
| 710 | 2 |
_aInstituto General Franco de Estudios e Investigación Hispano-Árabe. _9149197 |
|
| 852 |
_aES-MaACL _jC-10937 _bR.38850 |
||
| 999 |
_c61145 _d61145 |
||